00608nam a2200205Ia 450000500170000000800410001702000150005808200210007324500490009426000490014330000180019265000180021065000130022865000100024170000170025170000160026894200060028495200970029099900150038720250130052310.0240331s9999 xx 000 0 und d a8170337135 bJAI25668a305.4 0aFilms and Feminism:bEssays in Indian Cinema aJaipur;aNew DelhibRawat Publicationsc2002 a280 p., (CII) aIndian Cinema aFeminism aWomen aJain, Jeedt aRai, Seedt cL 001040708LaWERCLbWERCLcSSCd2024-03-31l0o 305.4 FILp5668r2024-03-31w2024-03-31yL c1654d1654